All i Points of Wii Sports Resort - Statistics

General Stats
  • This quiz has been taken 5 times
  • The average score is 26 of 80
Answer Stats
Answer % Correct
Basketball Court
67%
Bowling Alley
67%
Heartbreak Peak
67%
Maka Wuhu / Mt Tenganamanga
67%
The Candle / The Giant Candle
67%
Barnacle Arch / Neptune's Ring
33%
Beginner's Archery Area / Beginner Archery Area
33%
Beginner's Wakeboarding Area /Beginner Wakeboarding Area
33%
Broken Clock Tower / Silent Clock Tower
33%
Cabana Lagoon / Blue Lagoon Hideaway
33%
Camel Rock
33%
Cedar-Tree Tunnel / Tunnel to the Cedar Tree
33%
Cliffside Ruins / Clifftop Ruins
33%
Crab Rock
33%
Dead End Point / Dead End
33%
Deserted Island / Small Desert Island
33%
Diving Spot
33%
Duckling Lake
33%
Entrance to the Mysterious Ruins / Entrance to the Ancient Ruins
33%
Evergreen Grove / Woodland Park
33%
Extreme Canoeist / Expert Canoeist
33%
Firework Launch Zone 1
33%
Firework Launch Zone 2
33%
Footbridge / Bridge Under the Falls
33%
Forest Monument / Menhirs of the Forest
33%
Frisbee Dog Park / Frisbee Dog Area
33%
Gateway to Wuhu / Triton's Ring
33%
Golf Area A
33%
Golf Area B
33%
Golf Area C
33%
Heart of Maka Wuhu / Rocky Tunnel
33%
Hillside Cabins / New Town
33%
Hilltop Overlook
33%
Island Loop Tunnel 1 / Ring Road Tunnel No. 1
33%
Island Loop Tunnel 2 / Ring Road Tunnel No. 2
33%
Lava Monument / Menhirs of Ember
33%
Lava Tube / Pitch-Black Grotto
33%
Lone Cedar / Lone Cedar Tree
33%
Mountain Hikers
33%
Mysterious Ruins / Mysterious Ancient Ruins
33%
Needlepoint Spire / Needlepoint Crag
33%
Pirate's Eye / Lighthouse Ring
33%
Power-Cruising Area
33%
Private Island / Spacious Desert Island
33%
Red Iron Bridge / Red Gate Bridge
33%
Runner's Circle / Jogging Plaza
33%
Seaplane Team
33%
Sea Serpent Cavern / Sea Cave
33%
Serpent's Mouth / Sea Cave Mouth
33%
Silk Sands / Silky Soft Sandpit
33%
Sportfishing Spot / Fishing Spot
33%
Starboard Harbor / Yacht Harbor
33%
Starry Beach / Stardust Beach
33%
Stillwater Grotto / Twisty Passage
33%
Sugarsand Beach
33%
Summerstone Castle / Lakeside Castle
33%
Summerstone Falls / The Shreiking Falls
33%
Sundown Point / Sunset Cape
33%
Swaying Bridge / Wobbly Bridge
33%
Sweet Beach
33%
Swordplay Colosseum / Colosseum
33%
Talon Rock / Icarus Bluff
33%
Tennis Court
33%
The Nineteenth Hole Hotel
33%
The Queen Peach
33%
The Sea Caddy / The Albatross Express Liner
33%
The Whale Shark
33%
Toppled Monument / Menhir Fragments
33%
Undersea Cable Inspectors
33%
Weathered Monument
33%
Wedge Island Marina
33%
Whale Watchers
33%
Wind Orchard / Windmill Park
33%
Wishing Fountain
33%
Cocoba Hotel / Seaside Hotel
0%
Miguel's Guide Plane
0%
Mountain Monument / Menhirs of Despair
0%
Off-Road Vehicle / Leisure Vehicle
0%
Palm Boulevard / Palmtree Avenue
0%
Pool Patio / Pool Terrace
0%
No matching quizzes found
Score Distribution
Percent of People with Each Score
Percentile by Number Answered
Your Score History
You have not taken this quiz